000 00492nam a2200169 a 4500
005 20140311163008.0
008 000612s19uu xx 00 eng d
020 _a034537522X
050 _aPR 6039
_b.T649 1992
100 _aTolkien, J. R. R.
245 _aThe Book of lost tales. Part II /
_cJ. R. R. Tolkien, edited by Christopher Tolkien.
260 _aNew York :
_bBallantine books,
_c1992.
300 _a391 p. :
_c18 cm.
650 _aFantasy.
942 _cBK
_2lcc
999 _c39338
_d39338